[Event "36th Olympiad w"]
[Site "Calvia ESP"]
[Date "2004.10.19"]
[Round "5"]
[White "Pretorius,M"]
[Black "Munoz,Ca"]
[Result "1-0"]
[WhiteElo "1965"]
[BlackElo "2091"]
[EventDate "2004.10.15"]

1. e4 c5 2. Nf3 Nc6 3. d4 cxd4 4. Nxd4 Nf6 5. Nc3 e5 6. Ndb5 d6 7. Bg5 a6
8. Na3 b5 9. Bxf6 gxf6 10. Nd5 Bg7 11. Bd3 Ne7 12. Nxe7 Qxe7 13. c4 b4 14.
Nc2 a5 15. Qf3 O-O 16. O-O Be6 17. Ne3 Rac8 18. Rfe1 Kh8 19. b3 Rg8 20. Nd5
Qd8 21. Rad1 Rc5 22. Bc2 f5 23. exf5 Bxd5 24. Rxd5 Qf6 25. Red1 Bf8 26. Be4
Be7 27. h3 Qg5 28. f6 Bxf6 29. Rxd6 Be7 30. Ra6 Rf8 31. Bf5 Rd8 32. Rxd8+
Bxd8 33. g3 Kg7 34. h4 e4 35. Bxe4 Qh5 36. Qxh5 Rxh5 37. Bd5 Rf5 38. Kg2 h5
39. f3 Re5 40. Kf2 f6 41. Ra7+ Kg6 42. Rb7 Be7 43. Rc7 Bd6 44. Rc6 Bb8 45.
Ra6 Bc7 46. Be4+ Kf7 47. Ra7 Re7 48. Ra6 Re5 49. Kg2 Ke7 50. Rc6 Bd6 51.
Kf1 f5 52. Bc2 Re3 53. Kf2 f4 54. gxf4 Bxf4 55. Be4 Rc3 56. Ra6 Bc7 57. Rh6
a4 58. bxa4 Rxc4 59. Rxh5 Bb6+ 60. Kg3 Rc3 61. Bd5 Bc7+ 62. Kg4 Kf6 63.
Rf5+ Kg7 64. Rf7+ Kh6 65. Rf6+ Kg7 66. Rc6 Bd8 67. Rxc3 bxc3 68. Bb3 Kg6
69. h5+ Kh6 70. Bc2 Bc7 71. Bg6 Kg7 72. Be4 Kh6 73. f4 Bd8 74. Bg6 Ba5 75.
Kf3 Bc7 76. Ke3 c2 77. Bxc2 Kxh5 78. f5 Kg5 79. Ke4 Kf6 80. Kd5 Ke7 81. Kc6
Ba5 82. Kb5 Bc3 83. a5 Kd7 84. Kb6 Kc8 85. Bb3 Kb8 86. a6 Bd4+ 87. Kc6 1-0

[Event "36th Olympiad w"]
[Site "Calvia ESP"]
[Date "2004.10.19"]
[Round "5"]
[White "Charmova,E"]
[Black "Hamid,R"]
[Result "1/2-1/2"]
[WhiteElo "2047"]
[BlackElo "2164"]
[EventDate "2004.10.15"]

1. Nf3 Nf6 2. d3 d5 3. g3 c5 4. Bg2 g6 5. b3 Bg7 6. Bb2 Nc6 7. Nbd2 O-O 8.
O-O Qc7 9. e3 e5 10. c4 d4 11. e4 Bd7 12. Nh4 Qc8 13. Qe2 Bg4 14. Bf3 Be6
15. Bg2 Bg4 16. Bf3 1/2-1/2

[Event "36th Olympiad w"]
[Site "Calvia ESP"]
[Date "2004.10.19"]
[Round "5"]
[White "Courtney,H"]
[Black "Sultana,Z2"]
[Result "0-1"]
[WhiteElo "2050"]
[BlackElo "2056"]
[EventDate "2004.10.15"]

1. d4 d5 2. c4 e6 3. Nc3 Nf6 4. Bg5 c6 5. e3 Nbd7 6. Nf3 Bd6 7. Bd3 h6 8.
Bh4 O-O 9. cxd5 exd5 10. Rc1 Re8 11. O-O Nf8 12. Ne2 Bg4 13. Nd2 Bh5 14. f3
Rxe3 15. Ng3 Bxg3 16. Bxg3 Rxd3 17. Qe2 Bg6 18. Be5 N8d7 19. Nb3 Nxe5 20.
dxe5 Nd7 21. e6 Qe8 22. exf7+ Qxf7 23. Rce1 c5 24. Qf2 b6 25. Nc1 Rd4 26.
Ne2 Rd2 27. Qg3 Bd3 28. Nf4 Bxf1 29. Kxf1 Nf8 30. Qg4 Re8 31. Nh5 Rxe1+ 32.
Kxe1 Rxb2 33. f4 Qe6+ 0-1

[Event "36th Olympiad w"]
[Site "Calvia ESP"]
[Date "2004.10.19"]
[Round "5"]
[White "Cima,R"]
[Black "Connolly,S"]
[Result "1/2-1/2"]
[WhiteElo "2130"]
[BlackElo "2076"]
[EventDate "2004.10.15"]

1. e4 c6 2. d4 d5 3. Nc3 dxe4 4. Nxe4 Bf5 5. Ng3 Bg6 6. Nf3 e6 7. c3 Nd7 8.
Bf4 Ngf6 9. Nh4 Be7 10. Nxg6 hxg6 11. Bd3 O-O 12. Qe2 Nd5 13. Bd2 Bg5 14.
O-O Bxd2 15. Qxd2 Qc7 16. Rae1 c5 17. Bb1 cxd4 18. Qxd4 Qf4 19. Re4 Qc7 20.
Qd2 N5f6 21. Rh4 Rfd8 22. Re1 Nb6 23. Qe2 Re8 24. Ne4 Nxe4 25. Bxe4 Qe7 26.
Rh3 Rad8 27. Qf3 Rd7 28. Qg3 Nd5 29. Rh4 f5 30. Bd3 Red8 31. Bb5 Rd6 32.
Ba4 Qf6 33. Rd4 f4 34. Qf3 Rb6 35. Bb3 g5 36. Red1 Re8 37. Bxd5 exd5 38.
Qxd5+ Qe6 39. b4 Qxd5 40. Rxd5 Ra6 41. Rd8 Rxd8 42. Rxd8+ Kh7 43. Rd2 Rc6
44. Rd3 Ra6 45. Rd2 Rc6 46. Rc2 Kg6 47. Kf1 b5 48. Ke2 a6 49. Kd3 Kf5 50.
Kd4 Rh6 51. h3 g4 52. hxg4+ Kxg4 53. Ke4 Re6+ 54. Kd5 Rh6 55. c4 bxc4 56.
Rxc4 Rh2 57. Ke5 g5 58. f3+ Kg3 59. Kf5 Rxg2 60. Kxg5 Kxf3+ 61. Kf5 Rxa2
1/2-1/2

[Event "36th Olympiad w"]
[Site "Calvia ESP"]
[Date "2004.10.19"]
[Round "5"]
[White "Driza,A"]
[Black "Quinn,De"]
[Result "1-0"]
[WhiteElo "2068"]
[BlackElo "2036"]
[EventDate "2004.10.15"]

1. e4 e5 2. Nf3 Nc6 3. Bb5 a6 4. Ba4 Nf6 5. O-O b5 6. Bb3 Be7 7. Re1 O-O 8.
c3 d6 9. h3 Na5 10. Bc2 c5 11. d4 Nc6 12. d5 Nb8 13. a4 Bb7 14. Nbd2 Nbd7
15. Nf1 Qc7 16. Bg5 h6 17. Bxf6 Nxf6 18. Ng3 Rfb8 19. a5 c4 20. Qd2 Bc8 21.
Nh2 Rb7 22. f4 Qc5+ 23. Kh1 b4 24. fxe5 dxe5 25. Nf3 Bd6 26. Ba4 Re7 27.
cxb4 Qxb4 28. Qxb4 Bxb4 29. Rec1 Rb8 30. Bc6 Bd6 31. Ra2 Rb3 32. Rxc4 Bxh3
33. gxh3 Rxf3 34. Kg2 Rf4 35. Nf5 Rxf5 36. exf5 e4 37. b4 Re5 38. b5 axb5
39. Rcc2 Rxf5 40. a6 Bb8 41. Bxb5 Rxd5 42. Rc8+ 1-0

[Event "36th Olympiad w"]
[Site "Calvia ESP"]
[Date "2004.10.20"]
[Round "6"]
[White "Zhao Xue"]
[Black "Kosintseva,T"]
[Result "1-0"]
[WhiteElo "2487"]
[BlackElo "2493"]
[EventDate "2004.10.15"]

1. d4 Nf6 2. c4 e6 3. Nf3 d5 4. Nc3 dxc4 5. e4 Bb4 6. Bg5 c5 7. Bxc4 cxd4
8. Nxd4 Bxc3+ 9. bxc3 Qa5 10. Bxf6 Qxc3+ 11. Kf1 gxf6 12. Rc1 Qa5 13. Nb5
Bd7 14. Qh5 Qb6 15. a4 a6 16. a5 Qc6 17. Nd4 Qd6 18. Nf3 Nc6 19. h4 Qa3 20.
Qh6 Nxa5 21. Be2 Nc6 22. Rh3 Qb2 23. Ne1 Ke7 24. Nd3 Qd4 25. Nc5 Ne5 26. f4
Ng4 27. Bxg4 Bb5+ 28. Be2 Qb2 29. Re1 Bxe2+ 30. Rxe2 Qc1+ 31. Re1 Qxc5 32.
e5 fxe5 33. fxe5 Rhg8 34. Rf3 Rg6 35. Qf4 Rf8 36. h5 Rgg8 37. Rc1 Qb5+ 38.
Kg1 Kd7 39. Qd2+ 1-0

[Event "36th Olympiad w"]
[Site "Calvia ESP"]
[Date "2004.10.20"]
[Round "6"]
[White "Kovalevskaya,E"]
[Black "Huang Qian"]
[Result "1-0"]
[WhiteElo "2471"]
[BlackElo "2371"]
[EventDate "2004.10.15"]

1. e4 c5 2. Nc3 d6 3. f4 g6 4. Nf3 Bg7 5. d4 cxd4 6. Nxd4 Nc6 7. Be3 Nf6 8.
Be2 O-O 9. Nb3 Be6 10. g4 Rc8 11. h4 a5 12. f5 Bxb3 13. axb3 d5 14. exd5
Nb4 15. Bf3 Qd6 16. Kf2 b6 17. g5 Nfxd5 18. f6 exf6 19. Bxd5 fxg5 20. Bc4
Qf6+ 21. Qf3 Qe5 22. Rac1 g4 23. Qxg4 Rc6 24. Qg3 Qf5+ 25. Qf3 Qc8 26. Ne4
b5 27. Bxb5 Rxc2+ 28. Rxc2 Qxc2+ 29. Nd2 Nd3+ 30. Bxd3 Qxd3 31. Rc1 h5 32.
Rc4 Qd6 33. Bf4 Qb6+ 34. Kg2 Re8 35. Ne4 Qe6 36. Ng5 Qf6 37. Rc2 Qf5 38.
Rf2 f6 39. Nh3 Qg4+ 40. Bg3 Qd4 41. Nf4 Re3 42. Qd5+ Qxd5+ 43. Nxd5 Rxb3
44. Nxf6+ Bxf6 45. Rxf6 Rxb2+ 46. Bf2 Kh7 47. Ra6 Rb5 48. Be3 Rf5 49. Kg3
Kg7 50. Bf4 Rb5 51. Kf3 Kf7 52. Bg5 Rb3+ 53. Ke4 Ra3 54. Kd5 Ra1 55. Ra7+
Ke8 56. Bf6 Rf1 57. Ke6 1-0

[Event "36th Olympiad w"]
[Site "Calvia ESP"]
[Date "2004.10.20"]
[Round "6"]
[White "Skripchenko,A"]
[Black "Zhukova,N"]
[Result "1-0"]
[WhiteElo "2474"]
[BlackElo "2481"]
[EventDate "2004.10.15"]

1. e4 e5 2. Bc4 Nf6 3. d3 Nc6 4. Nc3 Na5 5. Nge2 Nxc4 6. dxc4 d6 7. f3 Be6
8. b3 c6 9. Bg5 h6 10. Bh4 g5 11. Bf2 Nh5 12. g3 Qf6 13. Qd3 Qg6 14. O-O-O
Be7 15. Rhg1 f5 16. c5 dxc5 17. exf5 Bxf5 18. Qe3 g4 19. Qxe5 Qf6 20. Qe3
Qe6 21. Qxe6 Bxe6 22. fxg4 Bxg4 23. Be3 Nf6 24. Rde1 O-O-O 25. Nf4 Bf5 26.
h3 h5 27. Bf2 Rd7 28. Re5 Bh7 29. Bxc5 Bd8 30. Ne6 b6 31. Nxd8 Kxd8 32. Be3
Nd5 33. Bg5+ Kc8 34. Nxd5 Rxd5 35. Rxd5 cxd5 36. Rf1 Be4 37. Kd2 Rh7 38. c3
Bg2 39. Rf8+ Kb7 40. h4 Bh3 41. Ke3 Rd7 42. Kd4 Bg4 43. Bf4 Kc6 44. Rf6+
Kb7 45. Be5 Bh3 46. a4 Bg4 47. b4 Bd1 48. a5 Ka6 49. axb6 axb6 50. Bd6 Kb5
51. Kxd5 Bb3+ 52. Kd4 Ka4 53. c4 Rd8 54. c5 bxc5+ 55. bxc5 Kb5 56. Rf1 Be6
57. Rb1+ Kc6 58. Rb6+ Kd7 59. Ke5 Bg4 60. c6+ Ke8 61. Rb7 Ra8 62. Re7+ Kd8
63. c7+ Kc8 64. Re8+ Kb7 65. Rb8+ 1-0

[Event "36th Olympiad w"]
[Site "Calvia ESP"]
[Date "2004.10.20"]
[Round "6"]
[White "Milliet,S"]
[Black "Alexandrova,O"]
[Result "1/2-1/2"]
[WhiteElo "2299"]
[BlackElo "2442"]
[EventDate "2004.10.15"]

1. e4 c5 2. c3 d5 3. exd5 Qxd5 4. d4 Nf6 5. Nf3 Bg4 6. Be2 e6 7. O-O Nc6 8.
h3 Bh5 9. a3 Be7 10. Be3 cxd4 11. cxd4 O-O 12. Nc3 Qd6 13. Qb3 Rfd8 14.
Rfd1 Nd5 15. Nxd5 Qxd5 16. Qxd5 Rxd5 17. g4 Bg6 18. Ne5 Nxe5 19. dxe5 Be4
20. Rxd5 Bxd5 21. Rc1 g5 22. Bf1 Kf8 23. Bg2 Bxg2 24. Kxg2 Bd8 25. Kf3 Ke8
26. Ke4 Kd7 27. Rd1+ Ke8 28. Rc1 Kd7 29. Rd1+ Ke8 1/2-1/2

[Event "36th Olympiad w"]
[Site "Calvia ESP"]
[Date "2004.10.20"]
[Round "6"]
[White "Vijayalakshmi,S"]
[Black "Gara,A"]
[Result "1-0"]
[WhiteElo "2411"]
[BlackElo "2390"]
[EventDate "2004.10.15"]

1. d4 f5 2. c4 Nf6 3. Nc3 g6 4. g3 d6 5. Bg2 Bg7 6. Nf3 O-O 7. O-O c6 8. d5
e5 9. dxe6 Bxe6 10. b3 Na6 11. Bb2 Nc5 12. Ng5 Qe7 13. Nxe6 Qxe6 14. Qc2 a5
15. Rad1 Rf7 16. e3 Ng4 17. Rd2 Ne5 18. Rfd1 Bf8 19. Ne2 a4 20. Nf4 axb3
21. axb3 Qe8 22. h4 Ra2 23. Qb1 Qa8 24. Bd4 Rxd2 25. Rxd2 Qa3 26. Bxc5 Qxc5
27. Ne6 Qb4 28. Rd4 Qa3 29. b4 Re7 30. Nxf8 Kxf8 31. b5 Rd7 32. bxc6 bxc6
33. Qb8+ Kg7 34. Qe8 Qa7 35. h5 h6 36. hxg6 Re7 37. Qd8 Rd7 38. Qc8 Qa1+
39. Kh2 Qb2 40. Rf4 Qb7 41. Qxb7 Rxb7 42. Rxf5 Kxg6 43. Be4 Kg7 44. c5 Ng4+
45. Kh3 Nf6 46. Bxc6 Rc7 47. Bb5 dxc5 48. Bc4 Ne4 49. Kg2 Nd6 50. Rf4 Rb7
51. Bd5 Rb2 52. Ra4 Kf6 53. Kf3 Rc2 54. Rh4 Kg5 55. Rg4+ Kf6 56. Be4 Rd2
57. Bh7 c4 58. Rg6+ Ke5 59. Rxh6 c3 60. Rh5+ Kf6 61. Rc5 Kg7 62. Rc7+ Kh6
63. Bb1 Nb5 64. Rc5 Na3 65. Be4 c2 66. Rc7 Kg5 67. Rc6 Kh5 68. Bh7 Kg5 69.
g4 Rd6 70. Rc5+ Kf6 71. Bxc2 1-0

[Event "36th Olympiad w"]
[Site "Calvia ESP"]
[Date "2004.10.20"]
[Round "6"]
[White "Lakos,N"]
[Black "Mohota,N"]
[Result "1/2-1/2"]
[WhiteElo "2359"]
[BlackElo "2286"]
[EventDate "2004.10.15"]

1. e4 c5 2. Nf3 d6 3. d4 Nf6 4. Nc3 cxd4 5. Nxd4 a6 6. g3 e5 7. Nb3 Be7 8.
Bg2 Bg4 9. Qd3 O-O 10. O-O Nbd7 11. f4 Be6 12. f5 Bxb3 13. axb3 b5 14. Qe2
1/2-1/2

[Event "36th Olympiad w"]
[Site "Calvia ESP"]
[Date "2004.10.20"]
[Round "6"]
[White "Garcia Vicente,N"]
[Black "Berend,E"]
[Result "1/2-1/2"]
[WhiteElo "2213"]
[BlackElo "2307"]
[EventDate "2004.10.15"]

1. d4 Nf6 2. c4 g6 3. Nc3 Bg7 4. e4 d6 5. Be2 O-O 6. Bg5 Na6 7. Qd2 e5 8.
d5 c6 9. f3 cxd5 10. cxd5 Bd7 11. g4 Qa5 12. Nh3 Nc5 13. Rb1 Na4 14. Nxa4
Qxd2+ 15. Kxd2 Bxa4 16. Nf2 Rfc8 17. Rhc1 Ne8 18. Be3 a6 19. g5 Bf8 20. b3
Bd7 21. Nd3 Be7 22. Nb2 b5 23. Nd3 a5 24. Rxc8 Rxc8 25. Rc1 Rxc1 26. Kxc1
Bd8 27. Nb2 f5 28. gxf6 Nxf6 29. a4 bxa4 30. bxa4 Kf7 31. Kc2 Nh5 32. Bb5
Bh3 33. Nc4 Bc7 34. Kd2 Bg2 35. Ke2 Nf4+ 36. Kf2 Bh1 37. Nd2 Nh3+ 38. Kg3
Nf4 39. Kf2 1/2-1/2

[Event "36th Olympiad w"]
[Site "Calvia ESP"]
[Date "2004.10.20"]
[Round "6"]
[White "Bakalarz,G"]
[Black "Hernandez,Yu"]
[Result "1-0"]
[WhiteElo "2035"]
[BlackElo "2201"]
[EventDate "2004.10.15"]

1. d4 d5 2. Nf3 Nf6 3. Bg5 e6 4. Nbd2 Be7 5. c3 Nbd7 6. e3 c5 7. Bd3 Qc7 8.
O-O O-O 9. Bf4 Bd6 10. Bxd6 Qxd6 11. Re1 b6 12. e4 dxe4 13. Nxe4 Qc7 14.
dxc5 bxc5 15. Nxf6+ Nxf6 16. Ne5 Bb7 17. Qe2 Rad8 18. Rad1 Rd5 19. Bc4 Rxd1
20. Rxd1 Be4 21. Ng4 Nxg4 22. Qxg4 Qb7 23. b3 h6 24. f3 Bf5 25. Qf4 Qb6 26.
Rd6 Qc7 27. Qd2 h5 28. a4 h4 29. h3 g6 30. Rd7 Qg3 31. Qf2 Qg5 32. Qxc5
Qc1+ 33. Bf1 e5 34. Rd6 Re8 35. Qd5 Qxc3 36. Rd8 Qe3+ 37. Kh1 Rxd8 38.
Qxd8+ Kg7 39. Qxh4 Qxb3 40. Bb5 a5 41. Qe1 Qb1 42. Qxb1 Bxb1 43. h4 Kf6 44.
g3 Ba2 45. Kg2 Ke6 46. Kf2 Bd5 47. Ke3 f5 48. Be8 Kf6 49. Bd7 Ke7 50. Bb5
Be6 51. Be2 Bd7 52. Bd1 Kd6 53. Kd3 Kc5 54. Kc3 Bc6 55. g4 f4 56. h5 e4 57.
fxe4 gxh5 58. gxh5 Bxe4 59. h6 Kd5 60. Bf3 Ke5 61. Bxe4 Kxe4 62. h7 f3 63.
h8=Q f2 64. Qh1+ Ke3 65. Qf1 1-0

[Event "36th Olympiad w"]
[Site "Calvia ESP"]
[Date "2004.10.20"]
[Round "6"]
[White "Gonzalez Perez,L"]
[Black "Steil Antoni,F"]
[Result "1-0"]
[WhiteElo "2152"]
[BlackElo "1936"]
[EventDate "2004.10.15"]

1. d4 d5 2. Nf3 Nf6 3. Bf4 c5 4. e3 Nc6 5. c3 Bg4 6. Nbd2 e6 7. Be2 Bd6 8.
Bxd6 Qxd6 9. h3 Bh5 10. O-O cxd4 11. exd4 O-O 12. Re1 Rab8 13. a4 a6 14.
Bd3 Bg6 15. Bxg6 hxg6 16. Ne5 Rfc8 17. Qf3 Qe7 18. Qd3 Nxe5 19. dxe5 Nd7
20. Nf3 Nc5 21. Qe2 b5 22. axb5 axb5 23. Nd4 b4 24. c4 Qh4 25. Rad1 Rd8 26.
Nc6 d4 27. Nxb8 Rxb8 28. g3 Qxh3 29. Rxd4 Qf5 30. Kg2 f6 31. exf6 gxf6 32.
Qd2 Kg7 33. g4 Qg5 34. Qxg5 fxg5 35. Re5 Rc8 36. Rd6 Kf6 37. Re3 b3 38. Kf1
Rc7 39. Ke2 Ke7 40. Rb6 Kf6 41. Rb5 Ke7 42. Kd2 Kd6 43. Kc3 Rc6 44. Kb4 Rc8
45. Rxc5 1-0

[Event "36th Olympiad w"]
[Site "Calvia ESP"]
[Date "2004.10.20"]
[Round "6"]
[White "Vega Gutierrez,S"]
[Black "Lujan,C"]
[Result "1/2-1/2"]
[WhiteElo "2225"]
[BlackElo "2325"]
[EventDate "2004.10.15"]

1. e4 c5 2. Nf3 e6 3. d4 cxd4 4. Nxd4 a6 5. Bd3 Nf6 6. O-O d6 7. c4 Be7 8.
Nc3 O-O 9. Qe2 Nc6 10. Nxc6 bxc6 11. f4 e5 12. f5 a5 13. Na4 d5 14. Rd1 d4
15. c5 Nd7 16. Qc2 Ba6 17. Bxa6 Rxa6 18. Rd3 Bg5 19. Bxg5 Qxg5 20. Rf3 Qf6
21. b3 Rb8 22. Nb2 Rb5 23. Nd3 Qh4 24. Re1 Ra8 25. Kf1 Qe7 26. Rc1 Nf6 27.
Qe2 h6 28. Kg1 Re8 29. Rh3 Nd7 30. Qc2 Nb8 31. Rf1 Qf6 32. Qc4 Nd7 33. Qc2
Qe7 34. Re1 Nf6 35. Qe2 Nd7 36. Qc2 Nf6 1/2-1/2

[Event "36th Olympiad w"]
[Site "Calvia ESP"]
[Date "2004.10.20"]
[Round "6"]
[White "Burijovich,L"]
[Black "Llaneza Vega,P"]
[Result "1/2-1/2"]
[WhiteElo "2212"]
[BlackElo "2181"]
[EventDate "2004.10.15"]

1. e4 c5 2. Nf3 Nc6 3. d4 cxd4 4. Nxd4 Nf6 5. Nc3 e5 6. Ndb5 d6 7. Bg5 a6
8. Bxf6 gxf6 9. Na3 b5 10. Nd5 f5 11. c3 Bg7 12. exf5 Bxf5 13. Nc2 O-O 14.
Nce3 Bg6 15. h4 Be4 16. Be2 h6 17. Bf3 Bh7 18. Nf6+ Qxf6 19. Bxc6 Rab8 20.
Qg4 Kh8 21. Rd1 b4 22. c4 b3 23. a3 e4 24. Rd2 Qe5 25. O-O f5 26. Qh5 Qc5
27. Bd7 f4 28. Qxc5 dxc5 29. Nd5 Bd4 30. Re1 e3 31. fxe3 fxe3 32. Rde2 Bd3
33. Rxe3 Bxc4 34. Ne7 Rf7 35. Nc6 Rxd7 36. Nxb8 Re7 37. Kf2 Bb5 38. Kf3
Bxe3 39. Rxe3 Rb7 40. a4 Rxb8 41. axb5 Rxb5 42. Re6 Kg7 43. Rxa6 Rb4 44.
Rc6 Rxh4 45. Rxc5 Rb4 46. Rc6 Kh7 47. g3 Kg7 48. Re6 Rb5 49. Kf4 Rb4+ 50.
Kf5 Rb5+ 51. Kg4 Rb4+ 52. Kh5 Rb5+ 53. Kh4 Rb4+ 54. g4 Rd4 55. Re3 Rb4 56.
Re6 1/2-1/2

[Event "36th Olympiad w"]
[Site "Calvia ESP"]
[Date "2004.10.20"]
[Round "6"]
[White "Trujillo Delgado,D"]
[Black "Malajovich,S"]
[Result "1-0"]
[WhiteElo "2155"]
[BlackElo "2118"]
[EventDate "2004.10.15"]

1. e4 c5 2. Nf3 d6 3. d4 cxd4 4. Nxd4 Nf6 5. Nc3 g6 6. Be2 Bg7 7. O-O O-O
8. Nb3 Nc6 9. Be3 Be6 10. f4 Qc8 11. Kh1 b6 12. Bf3 Bg4 13. Nd5 Bxf3 14.
Qxf3 Nd7 15. Rad1 Bxb2 16. Bd4 Bxd4 17. Nxd4 Re8 18. Nb5 Rb8 19. Nbc7 Rd8
20. Qc3 Nc5 21. f5 Rd7 22. fxg6 hxg6 23. Nb5 Qf8 24. Rf4 a6 25. Nd4 Nxd4
26. Rxd4 Ne6 27. Qh3 Nxf4 28. Qxd7 Nxd5 29. exd5 Rc8 30. Rd2 Rc5 31. h3 Qh6
32. Rf2 Rxd5 33. Qxe7 Qg7 34. Qe8+ Qf8 35. Qc6 Rb5 36. Re2 Re5 37. Rd2 Qe8
38. Qxe8+ Rxe8 39. Rxd6 Re6 40. Rxe6 fxe6 41. Kg1 Kf7 42. Kf2 Kf6 43. Ke3
Ke5 44. h4 Kf5 45. Kf3 Ke5 46. g4 b5 47. h5 gxh5 48. gxh5 Kf5 49. c3 Kg5
50. Ke4 Kxh5 51. Ke5 Kg4 52. Kxe6 Kf4 53. Kd5 Ke3 54. Kc5 Kd3 55. Kb4 Kc2
56. a4 Kb2 57. a5 Ka2 58. c4 bxc4 59. Kxc4 Ka3 60. Kc5 1-0

[Event "36th Olympiad w"]
[Site "Calvia ESP"]
[Date "2004.10.20"]
[Round "6"]
[White "Repkova,E"]
[Black "Radziewicz,I"]
[Result "0-1"]
[WhiteElo "2410"]
[BlackElo "2449"]
[EventDate "2004.10.15"]

1. e4 c5 2. b3 Nc6 3. Bb2 e5 4. Bb5 Nd4 5. Bxd4 cxd4 6. Qh5 Bd6 7. Bc4 Qe7
8. Nf3 g6 9. Qg5 h6 10. Qg3 Nf6 11. Qh4 Rh7 12. O-O Bc7 13. Re1 g5 14. Nxg5
hxg5 15. Qxg5 Kf8 16. d3 d5 17. exd5 Rxh2 18. f4 Rh5 19. Qg3 Ng4 20. Nd2
Qf6 21. d6 Qh6 22. Kf1 exf4 23. Re7 fxg3 24. Rxf7+ Ke8 0-1

[Event "36th Olympiad w"]
[Site "Calvia ESP"]
[Date "2004.10.20"]
[Round "6"]
[White "Socko,M"]
[Black "Pokorna,Reg"]
[Result "1/2-1/2"]
[WhiteElo "2439"]
[BlackElo "2370"]
[EventDate "2004.10.15"]

1. d4 Nf6 2. c4 e6 3. Nc3 Bb4 4. Qc2 O-O 5. a3 Bxc3+ 6. Qxc3 b6 7. Bg5 Bb7
8. e3 d6 9. Nf3 Nbd7 10. Nd2 a5 11. f3 c5 12. Bd3 a4 13. O-O Qc7 14. Rac1
Rfc8 15. Bh4 h6 16. Rfd1 d5 17. Bf2 cxd4 18. Qxd4 Ba6 19. Rc3 Nc5 20. Be2
Rd8 21. Qh4 e5 22. Rcc1 e4 23. Qg3 Qe7 24. Bf1 Qe8 25. Qf4 Rac8 26. Bh4 Rc6
27. Bf2 Rcd6 28. Nb1 Nd3 29. Bxd3 exd3 30. Rd2 dxc4 31. Nc3 Nd5 32. Nxd5
Rxd5 33. e4 R5d6 34. e5 Re6 35. Bd4 Qd7 36. Bc3 Qd5 37. Qh4 Rde8 38. f4 Qe4
39. Re1 Qf5 40. Qf2 Rg6 41. h3 h5 42. Re3 Bb7 43. Kh1 b5 44. Kh2 Bd5 45.
Rg3 Rxg3 46. Qxg3 Be6 47. Qh4 Bd7 48. Rf2 Bc6 49. Qg3 g6 50. Qe3 Rc8
1/2-1/2

[Event "36th Olympiad w"]
[Site "Calvia ESP"]
[Date "2004.10.20"]
[Round "6"]
[White "Hagarova,Z"]
[Black "Dworakowska,J"]
[Result "1-0"]
[WhiteElo "2351"]
[BlackElo "2393"]
[EventDate "2004.10.15"]

1. e4 c5 2. Nf3 d6 3. d4 cxd4 4. Nxd4 Nf6 5. Nc3 a6 6. Bg5 e6 7. Qd3 Nc6 8.
O-O-O Bd7 9. Be2 Rc8 10. Kb1 h6 11. Nxc6 Bxc6 12. Bf4 d5 13. e5 Nd7 14. Qg3
Qc7 15. h4 b5 16. Bd3 g6 17. Ne2 Bg7 18. Rhe1 Bxe5 19. Bxe5 Qxe5 20. Nf4
Qf6 21. Bxg6 e5 22. Bh5 Nb6 23. Bg4 e4 24. Bxc8 Nc4 25. Qc3 Qxf4 26. Qxh8+
Ke7 27. Qd4 Qc7 28. Bh3 Qd6 29. f3 Qb4 30. Ka1 Kd6 31. fxe4 Qa4 32. exd5
Bb7 33. b3 1-0

[Event "36th Olympiad w"]
[Site "Calvia ESP"]
[Date "2004.10.20"]
[Round "6"]
[White "Hunt,H"]
[Black "Lagvilava,G"]
[Result "1-0"]
[WhiteElo "2385"]
[BlackElo "2299"]
[EventDate "2004.10.15"]

1. e4 c5 2. Nf3 Nc6 3. Bb5 Qc7 4. O-O a6 5. Bxc6 dxc6 6. d3 e5 7. a4 a5 8.
Be3 Bd6 9. Nc3 Ne7 10. Nd2 O-O 11. Nc4 Ng6 12. Ne2 b5 13. Nxd6 Qxd6 14. Qd2
b4 15. f3 b3 16. cxb3 Rd8 17. Rad1 Nf8 18. f4 Bg4 19. fxe5 Qxe5 20. Rc1 Ne6
21. Rc3 f5 22. Bf4 Nxf4 23. Qxf4 Qxf4 24. Nxf4 fxe4 25. dxe4 g5 26. Rg3
gxf4 27. Rxg4+ Kh8 28. Rgxf4 Rab8 29. R4f3 Rd2 30. Re1 c4 31. e5 cxb3 32.
e6 Rdd8 33. e7 Re8 34. Ree3 Kg7 35. Rxb3 Rxb3 36. Rxb3 Rxe7 37. Rb6 Re1+
38. Kf2 Rc1 39. Kf3 Kf6 40. g4 Kg5 41. Ra6 Rc5 42. Kg3 Kg6 43. h4 h5 44. g5
Kf5 45. Ra8 Kg6 46. Rh8 Rc2 47. Rh6+ Kf5 48. Rxh5 Rxb2 49. Rh6 Rb3+ 50. Kf2
Rc3 51. g6 Rc2+ 52. Ke3 Rc3+ 53. Kd4 Rg3 54. h5 Kf6 55. Rh7 Rg4+ 56. Kc5
Rxa4 57. Kxc6 Rh4 58. g7 Rg4 59. h6 Kf7 60. Rh8 1-0

[Event "36th Olympiad w"]
[Site "Calvia ESP"]
[Date "2004.10.20"]
[Round "6"]
[White "Buckley,M"]
[Black "Eidelson,R"]
[Result "1/2-1/2"]
[WhiteElo "2147"]
[BlackElo "2268"]
[EventDate "2004.10.15"]

1. e4 c5 2. Nf3 Nc6 3. Bb5 e6 4. Bxc6 bxc6 5. O-O Ne7 6. b3 d6 7. d3 e5 8.
Nbd2 Ng6 9. Nc4 Be7 10. c3 O-O 11. Ne3 Bf6 12. Bb2 Nf4 13. g3 Nh3+ 14. Kh1
d5 15. Ng1 Bg5 16. Qf3 d4 17. cxd4 exd4 18. Nc4 Nxg1 19. Rxg1 f5 20. Qg2
Be6 21. Ba3 fxe4 22. dxe4 Bxc4 23. bxc4 Qa5 24. Bc1 Bxc1 25. Rgxc1 Qd2 26.
f4 Qd3 27. Rd1 Qxc4 28. Rac1 Qb4 29. Qc2 Qa3 30. Rd3 Qa6 31. Qc4+ Qxc4 32.
Rxc4 g5 33. Rf3 Rae8 34. Rxc5 gxf4 35. Rxc6 Rxe4 36. gxf4 Rexf4 37. Rg3+
Kh8 38. Rc7 Rf1+ 39. Kg2 R1f2+ 40. Kh3 Rxa2 41. Rgg7 Rf3+ 42. Kg4 Rg2+ 43.
Kxf3 Rxg7 44. Rc8+ Rg8 45. Rc7 a5 46. Ra7 Rg5 47. Ke4 Rh5 48. Kxd4 Kg8 49.
Ke4 a4 50. Kf3 Rh3+ 51. Kg4 Ra3 52. Kg5 Ra2 53. Kf6 Rf2+ 54. Kg5 Rg2+ 55.
Kf6 Rf2+ 56. Kg5 1/2-1/2

[Event "36th Olympiad w"]
[Site "Calvia ESP"]
[Date "2004.10.20"]
[Round "6"]
[White "Peng Zhaoqin"]
[Black "Pina,S"]
[Result "1/2-1/2"]
[WhiteElo "2420"]
[BlackElo "2313"]
[EventDate "2004.10.15"]

1. d4 d5 2. Nf3 Nf6 3. c4 dxc4 4. e3 a6 5. Bxc4 e6 6. O-O c5 7. Qe2 Nc6 8.
Rd1 Qc7 9. a3 Bd6 10. dxc5 Bxc5 11. b4 Bd6 12. Bb2 Ne5 13. Nbd2 O-O 14.
Rac1 Qb8 15. Ba2 b5 16. Ng5 Neg4 17. g3 Be5 18. Bd4 Bb7 19. Bc5 Re8 20. f4
Bc7 21. e4 Nh6 22. Ndf3 Bc8 23. Nd4 e5 24. fxe5 Bg4 25. Qf2 Bxe5 26. Re1
Bh5 27. Nf5 Nxf5 28. exf5 Qb7 29. Bb1 Bc7 30. Qg2 Qxg2+ 31. Kxg2 Be2 32.
Ba2 Bc4 33. Bxc4 bxc4 34. Rxe8+ Rxe8 35. Rxc4 h6 36. Nf3 Re2+ 37. Kf1 Ra2
38. Be7 Nd5 39. Rc5 Nxe7 40. Rxc7 Rxa3 41. Nd4 Nxf5 42. Nxf5 Rf3+ 43. Kg2
Rxf5 44. Rc6 Rb5 45. Rxa6 Rxb4 46. h4 g6 47. h5 Kg7 48. hxg6 fxg6 49. Kh3
h5 50. Rc6 Rb2 51. Ra6 Rf2 52. g4 Rf3+ 53. Kg2 hxg4 54. Ra4 Kf6 55. Rxg4
Ra3 56. Rb4 Kg5 57. Rc4 Re3 58. Ra4 Kf5 59. Rb4 g5 60. Ra4 Rb3 61. Ra5+ Kg4
62. Ra4+ Kh5 63. Rc4 Re3 64. Ra4 Rb3 1/2-1/2

[Event "36th Olympiad w"]
[Site "Calvia ESP"]
[Date "2004.10.20"]
[Round "6"]
[White "Marrero,Y"]
[Black "Schuurman,P"]
[Result "1/2-1/2"]
[WhiteElo "2272"]
[BlackElo "2333"]
[EventDate "2004.10.15"]

1. e4 c6 2. d4 d5 3. e5 Bf5 4. Be3 e6 5. Nd2 h5 6. Be2 h4 7. h3 Be7 8. Ngf3
Nh6 9. O-O Bg6 10. Bxh6 Rxh6 11. Nh2 Qb6 12. Ng4 Rh8 13. Nb3 Nd7 14. Bd3
Bxd3 15. Qxd3 Rc8 16. c3 c5 17. dxc5 Nxc5 18. Nxc5 Qxc5 19. Kh1 Qc4 20.
Rad1 Qxd3 21. Rxd3 b5 22. a3 Kd7 23. f4 g6 24. Ne3 Bc5 25. Nc2 Bb6 26. Nd4
a6 27. Rfd1 Rc4 28. Kh2 Ke7 29. g4 hxg3+ 30. Kxg3 Bxd4 31. Rxd4 Rh5 32. Kg4
Rh8 33. h4 a5 34. R1d2 Rb8 35. Kg5 Rcc8 36. Kg4 Rb7 37. Kg5 Rbb8 38. Kg4
f5+ 39. exf6+ Kxf6 40. Rd1 Rc4 41. Rxc4 bxc4 42. Rd2 Rh8 43. Re2 Rd8 44.
Rd2 Rd7 45. Rd1 Rb7 46. Rd2 Rb8 47. Re2 Rh8 48. Re1 Rh7 49. Re2 Rh5 50. Re1
Rh7 51. Re2 Rc7 52. Rd2 Rc6 53. Rd1 Rb6 54. Rd2 Rb5 55. Re2 Rb6 56. Rd2 Rb7
57. Re2 1/2-1/2